|
|
|
|
| LEADER |
02627nem a22004692a 4500 |
| 001 |
mzk03001078397 |
| 003 |
CZ BrMZK |
| 005 |
20201110162000.0 |
| 007 |
aj|ca||| |
| 008 |
051012q17561777gw i||||||g|||r|0|||latod |
| 034 |
1 |
|
|a a
|b 158000
|d E0175411
|e E0190900
|f N0500500
|g N0493138
|
| 040 |
|
|
|a BOA001
|b cze
|
| 043 |
|
|
|a e-xr---
|b e-xr-mo
|a e-pl---
|2 czenas
|
| 072 |
|
7 |
|a 912:904
|x Staré mapy
|2 Konspekt
|9 7
|
| 080 |
|
|
|a (084.1)
|2 MRF
|
| 080 |
|
|
|a (084.3)
|2 MRF
|
| 080 |
|
|
|a (437.326)
|2 MRF
|
| 080 |
|
|
|a (438)
|2 MRF
|
| 100 |
1 |
|
|a Nigrin, Jonas
|4 aut
|
| 245 |
1 |
0 |
|a Nova et accurata Geographica Delineatio Ducatus Teschenensis in Silesia Superiore
|h [kartografický dokument] :
|b cum finitimorum Hungariae et Poloniae Regnorum, ut et Moraviae limitibus, aeri incisa /
|c Opera et sumtibus Tobiae Conradi Lotteri, Geographi at Chalcogr. Aug. Vind. Cum Gratia et Privil. S.R.I. Vicariatus in partib. Rheni, Sveviae, et Juris Franconici ; Tob. Con. Lotter sculpsit
|
| 255 |
|
|
|a Měřítko [ca 1:158 000]. 6 cm = 4 Milliaris Geographici Vulgaris ; 2,9 cm = 4 Horae unius iter
|c (017°54´11" v.d.--019°09´00" v.d./050°05´00" s.š.--049°31´38" s.š.)
|
| 260 |
|
|
|a Aug. Vind. :
|b Opera et sumtibus Tobiae Conradi Lotteri, Geographi at Chalcogr.,
|c [mezi 1756 a 1777]
|
| 300 |
|
|
|a 1 mapa :
|b mědirytina, ručně kolorovaná, podlepená plátnem ;
|c 47 x 55,8 cm na listu 52 x 63 cm
|
| 500 |
|
|
|a Podle J. Kalába se jedná o variantu C Nigrinovy mapy Těšínska (v Lotterově vydání, které nezmiňuje)
|
| 500 |
|
|
|a Výzdoba: Při horním okraji názvová kartuš s mědirytinovou figurální výzdobou, v levém dolním rohu výřez s vedutou Těšína, při dolním okraji kartuš s grafickými měřítky, v pravém dolním rohu kartuš s legendou, v mapovém rámci geografické souřadnice
|
| 501 |
|
|
|a Přívazek 43 k dílu [Atlas von 149 Charten des Klost. Stiffts. Neureichs 1794]
|
| 505 |
0 |
0 |
|t Teschen. --
|g 9 x 18 cm
|
| 510 |
3 |
|
|a IKAR
|
| 510 |
4 |
|
|a Kaláb, J. Nigriniho mapa Těšínska. Těšínsko XLIV, 2001/2,
|c s. 1-6
|
| 651 |
|
7 |
|a Těšínské Slezsko
|7 ge128598
|2 czenas
|
| 651 |
|
7 |
|a Cieszyn (Polsko)
|7 ge128458
|2 czenas
|
| 655 |
|
7 |
|a historické mapy
|7 fd186723
|2 czenas
|
| 655 |
|
7 |
|a veduty
|7 fd133805
|2 czenas
|
| 700 |
1 |
|
|a Lotter, Tobias Conrad,
|d 1717-1777
|7 jx20050202002
|4 egr
|
| 903 |
|
|
|a RP
|
| 910 |
|
|
|a BOA001
|b ST5-0259.432,1,přív.43
|
| 978 |
|
|
|b Lotter, Tobias Conrad
|a Augsburg
|c 1756-1777
|
| 984 |
|
|
|a Augsburg
|b Německo
|
| 985 |
|
|
|a 1751-1800
|
| 990 |
|
|
|a MP
|
| 991 |
|
|
|k mzk
|
| 994 |
|
|
|a UP
|l MZK03
|b 001039081
|m přívazek 43
|n záznam 1. díla (pro objednání pokračujte kliknutím)
|